Doppio Schermo: Scritti su cinema e tv a cura di Enrico Magrelli
Saved in:
| Hovedforfatter: | |
|---|---|
| Format: | Bog |
| Sprog: | italiensk |
| Udgivet: |
Turín
Eri-Edizione Rai
1987
|
| Fag: | |
| Tags: |
Tilføj Tag
Ingen Tags, Vær først til at tagge denne postø!
|
MARC
| LEADER | 00000nam a2200000 a 4500 | ||
|---|---|---|---|
| 001 | UCW8917 | ||
| 003 | CL-VaPUC | ||
| 008 | 881109e19870000IT |||||||||||||||||ita|d | ||
| 082 | 0 | 4 | |a 791.437 |b VAL |2 21 |
| 100 | 0 | |a Valmarana, Paolo |e author |9 314125 | |
| 245 | 1 | 0 | |a Doppio Schermo: Scritti su cinema e tv a cura di Enrico Magrelli |
| 300 | |a 210 p | ||
| 942 | |c BK | ||
| 945 | |d 19881109 00:00:00 | ||
| 260 | |a Turín |b Eri-Edizione Rai |c 1987 | ||
| 650 | 0 | |a Productores y directores de cine |9 266427 | |
| 650 | 0 | |a Crítica de cine |9 267411 | |
| 650 | 0 | |a Cine |9 225706 | |
| 650 | 0 | |a Televisión |9 256845 | |
| 651 | 0 | |a Italia |9 254949 | |
| 583 | |a last modification |c 19881109 00:00:00 |k Rodrigo Vera | ||
| 999 | |c 221094 |d 221092 | ||
| 952 | |0 0 |1 0 |4 0 |6 791_437000000000000_VAL_1987 |7 0 |8 P |9 214061 |a BIBEDU |b BIBEDU |c BIBEDU_PB |d 2019-11-15 |i 2825163 |o 791.437 VAL 1987 |p 2825163 |r 2024-01-25 |w 2019-11-15 |y BK |k EPE | ||